Pakistan A-Z - Statistics

General Stats
  • This quiz has been taken 195 times
  • The average score is 12 of 26
Answer Stats
Letters Hints Answer % Correct
E Bangladesh was used to be known as ... East Pakistan
90%
K Largest mountain K-2
89%
U Official language Urdu
88%
I One of the longest river of Asia Indus river
84%
C Northeast country China
83%
J National Flower Jasmine
75%
Q The city is known as "Fruit Garden of Pakistan" Quetta
69%
H Which city's name translates to the "lion city"? Hyderabad
58%
T Largest and very populated desert in Pakistan Thar
58%
G Karachi's cricket team is called Karachi kings.What's Quetta's team called? Gladiators
57%
B Famous Masjid in Lahore Badshahi masjid
56%
P The "P" in the "Pakistan" stands for...? Punjab
52%
M National poet (Alama) Muhammad Iqbal
48%
Z declared martial law in 1977 Zia-ul-haq
47%
N K.P.K was formerly known as..? N.W.F.P
39%
D 6th of September is Pakistan's.....? Defence day
36%
R Who Named the country. (Choudhry) Rahmat Ali
32%
V Role of Nurul Amin from 20 December 1971 – 21 April 1972... Vice president of Pakistan
29%
L Faisalabad was formerly known as...? Lyallpur
28%
F A nickname for Pakistani cricket team Falcons
24%
O A city near Sahiwal,It is known for its agriculture-based economy and cotton mills. Okara
24%
S Saidu Sharif is the capital of.. Swat District
16%
A The one created the flag Amir uddin Kedwaii
13%
W Who holds the record for Pakistan appearances in hockey, having played 410 times between 1996 and 2012 Waseem Ahmad
12%
Y A high mountain valley in the Hindu Kush mountains in Gilgat Yasin vally
7%
X The Corps are a major and integral part of the army. What are the corps assigned in Gujranwala are called? XXXCorps
6%
No matching quizzes found
Score Distribution
Percent of People with Each Score
Percentile by Number Answered
Your Score History
You have not taken this quiz